| 000 -LEADER |
| fixed length control field |
00951nam a22001337a 4500 |
| 040 ## - CATALOGING SOURCE |
| Transcribing agency |
RUA |
| 082 ## - DEWEY DECIMAL CLASSIFICATION NUMBER |
| Classification number |
RUB SAM 2021 B643 Or. |
| 100 ## - MAIN ENTRY--AUTHOR NAME |
| Personal name |
SAM TROP សាំ ទ្រព្យ |
| 245 ## - TITLE STATEMENT |
| Title |
PHYSICAL PROPERTIES OF RIBBED SMOKED SHEET PROCESSED OF LATEX CLONE GT1, PB217,RRIM600 WITH "ALUMIN UM POTASSIUM SULFATE DODECAHYDRATE" KA1(SO4)2.12H20 AND "ALUMINUM SULFATE" A12(SO4)3.12H20. លក្ខណះរូបរបស់កៅស៊ូសន្លឹកកែច្នៃចេញពីទឹកជ័រនៃក្លូន GT1, PB217, RRIM600 បង្កកដោយ "អាលុយមីញ៉ូមប៉ូតាស្យូមស៊ុលផាតដូដេកាអ៊ីដ្រាតេ" KA1(SO4)2.12H20 និង"សាដូសេ" A12(SO4)3.12H20 |
| 260 ## - PUBLICATION, DISTRIBUTION, ETC. (IMPRINT) |
| Place of publication |
Phnom Penh |
| Name of publisher |
RUA |
| Year of publication |
2021 |
| 300 ## - PHYSICAL DESCRIPTION |
| Number of Pages |
XIV.58P |
| Other physical details |
X. |
| Dimensions |
29CM |
| 856 ## - ELECTRONIC LOCATION AND ACCESS |
| Uniform Resource Identifier |
https://drive.google.com/file/d/1L6c1bHEVPSY6paFaHz0fgEVl7fyc9ufa/view?usp=sharing |
| 942 ## - ADDED ENTRY ELEMENTS (KOHA) |
| Koha item type |
RUB |
| 952 ## - LOCATION AND ITEM INFORMATION (KOHA) |
| Withdrawn status [LOCAL, KOHA] |
0 |
| 952 ## - LOCATION AND ITEM INFORMATION (KOHA) |
| Withdrawn status [LOCAL, KOHA] |
0 |
| 952 ## - LOCATION AND ITEM INFORMATION (KOHA) |
| Withdrawn status [LOCAL, KOHA] |
0 |
| 952 ## - LOCATION AND ITEM INFORMATION (KOHA) |
| Withdrawn status [LOCAL, KOHA] |
0 |